City to Country (Asia) - Statistics

General Stats
  • This quiz has been taken 9 times
  • The average score is 22 of 29
Answer Stats
City Country % Correct
1) Kobe Japan
100%
18) Sapporo Japan
100%
7) Petra Jordan
100%
2) Urumqi China
89%
8) Qom Iran
89%
27) Erbil Iraq
89%
5) Ashkelon Israel
89%
10) Busan South Korea
89%
26) Trabzon Turkey
89%
14) Tangail Bangladesh
78%
3) Shymkent Kazakhstan
78%
30) Sukkur Pakistan
78%
21) Homs Syria
78%
12) Jakar Bhutan
67%
29) Ahmadi Kuwait
67%
6) Osh Kyrgyzstan
67%
16) Pakse Laos
67%
22) Baalbek Lebanon
67%
9) Kuching Malaysia
67%
17) Olgii Mongolia
67%
15) Sittwe Myanmar
67%
11) Pokhara Nepal
67%
19) Nizwa Oman
67%
28) Taguig Philippines
67%
24) Kulob Tajikistan
67%
13) Hat Yai Thailand
67%
25) Kerki Turkmenistan
67%
20) Ajman United Arab Emirates
67%
23) Qarshi Uzbekistan
67%
No matching quizzes found
Score Distribution
Percent of People with Each Score
Percentile by Number Answered
Your Score History
You have not taken this quiz